LEADER 01070nam a2200229 i 4500 001 000000065503 003 CaOOAMICUS 005 20131031000000.0 008 131031s1958 xx u000 u ger u 013 $a36675 040 $aSeMil$bita 100 1 $aFries, Albert .$0(OLS)http://semarc/name/19570 245 14$aDie Gedanken des Heiligen Albertus Magnus über die Gottesmutter /$cAlbert Fries. 260 $aFreiburg (Schweiz) :$bPaulusverlag,$c1958. 300 $ax, 412 p. ;$c24 cm. 490 0 $aThomistische Studien = Études thomistiques ;$v7 650 4$aAlberto : Magno - Mariologia.$0(OLS)http://semarc/subject/12759 830 0$aThomistische Studien = Études thomistiques ;$v7.$0(OLS)http://semarc/title/103957 850 $aSeMil 852 $aSeMil$W1$xVenegono$y1$m2N I 84$j31656$B31656$CSeMilBibl$Z2$F31659 $81 996 $6245$aDie Gedanken des Heiligen Albertus Magnus über die Gottesmutter$9(OLS)http://semarc/title/103956 996 $6260$aFreiburg (Schweiz) :$bPaulusverlag$9(OLS)http://semarc/publisher/30667 LEADER 01688nam a2200301 i 4500 001 000000119934 003 CaOOAMICUS 005 20250522091357.0 008 031107s2002 it u000 u ita u 020 $a88-8319-767-4 040 $aSeMil$bita 245 00$aFederico Borromeo, uomo di cultura e di spiritualità :$batti delle giornate di studio 23-24 novembre 2001 /$ca cura di Santo Burgio e Luca Ceriotti. 264 1$aMilano :$bBiblioteca Ambrosiana ;$aRoma :$bBulzoni,$c2002. 300 $a287 p. ;$c24 cm. 490 1 $aStudia Borromaica : saggi e documenti di storia religiosa e civile della prima età moderna ;$v16 600 14$aBorromeo, Federico .$0(OLS)http://semarc/subject/2522 650 4$aItalia - Cultura - Storia - Sec. 16.-17.$0(OLS)http://semarc/subject/19526 700 1 $aCeriotti, Luca.$0(OLS)http://semarc/name/85866 700 1 $aBurgio, Santo,$d<1964- >.$0(OLS)http://semarc/name/121022 830 0$aStudia Borromaica :$bsaggi e documenti di storia religiosa e civile della prima età moderna ;$v16.$0(OLS)http://semarc/title/331 850 $aSeMil 852 $aSeMil$W1$xVenegono$y1$m3TA R 16$j257260$B75141$CSeMilBibl$Z2$F76898 $81 961 $aOmaggio: Biblioteca Ambrosiana 996 $6020$a88-8319-767-4$9(OLS)http://semarc/number/105008 996 $6245$aFederico Borromeo, uomo di cultura e di spiritualità :$batti delle giornate di studio 23-24 novembre 2001$9(OLS)http://semarc/title/453870 996 $6264$aMilano :$bBiblioteca Ambrosiana$9(OLS)http://semarc/publisher/29741 996 $6264$aRoma :$bBulzoni$9(OLS)http://semarc/publisher/30302